[Event "EICC 2019"]
[Site "Skopia"]
[Date "2019.03.28"]
[Round "10.27"]
[White "Onischuk, Vladimir"]
[Black "Stupak, Kirill"]
[Result "1/2-1/2"]
[WhiteElo "2626"]
[BlackElo "2537"]
[Annotator "TA"]
[PlyCount "106"]
[EventDate "2019.03.18"]
[EventType "swiss"]
[EventCountry "MKD"]
[SourceTitle "playchess.com"]
[Source "ChessBase"]
[SourceQuality "1"]

{[%evp 10,106,15,0,0,0,0,1,4,-15,-10,-11,0,0,0,0,0,0,0,0,21,1,23,24,53,10,23,0,16,7,6,0,71,0,0,0,1,-8,-6,-124,-22,-19,-19,-16,-8,-12,-8,-11,-15,-22,-24,-42,-37,-55,-28,-71,-40,-40,-40,-101,-91,-95,-22,-43,-7,-874,-841,-29990,-39,-47,-59,-50,-68,-56,-68,-47,-53,-138,0,-440,-457,-505,-519,-481,0,-338,0,-531,-479,-523,-524,-518,0,0,0,-495,-488,-453,0]} 1. e4 e6 2. d4 d5 3. Nc3 Bb4 4. exd5 exd5 5. Bd3 Nf6 6. a3 (6. Nge2 {feels hotter.} O-O 7. O-O Re8 8. a3 Ba5 9. Bf4) 6... Bxc3+ {C01: French: Exchange Variation} (6... Be7 7. h3 Nbd7 8. Nf3 c5 9. O-O O-O 10. Bf4 a6 11. Re1 Re8 12. Qd2 c4 13. Be2 b5 14. Ne5 {0-1 (35) Smeets,J (2615)-Naiditsch,A (2708) Wijk aan Zee 2013}) 7. bxc3 O-O 8. Ne2 Nbd7 {The position is equal.} 9. Be3 Nb6 10. O-O Nc4 11. Bf4 $146 ({Predecessor:} 11. Ng3 Qd6 12. Bc1 Bg4 13. f3 Bd7 14. Qe1 {½-½ (41) Onischuk,V (2593)-Pourramezanali,A (2429) Baku 2014}) 11... Nh5 12. Bc1 Re8 13. Ng3 Nf6 14. h3 Nd6 15. Bf4 Be6 16. Re1 c6 17. f3 Nc4 18. Qb1 b6 19. Qc1 Nd7 20. Nh5 {Bg5 is the strong threat.} g6 (20... Qh4 $11 21. Bxc4 dxc4) 21. Bg5 (21. Be5 $16 Ncxe5 22. Qh6 gxh5 23. Bxh7+ Kh8 24. Rxe5 Nxe5 25. dxe5) 21... f6 $11 22. Bh4 {Strongly threatening Qh6.} Qe7 ({Don't go for} 22... gxh5 $2 23. Qh6 $18) 23. Qh6 Qf7 $1 (23... gxh5 $2 24. Rxe6 $1 {[%mdl 512]} Qg7 25. Qxg7+ Kxg7 26. Rxc6 $18) 24. Re2 (24. Nf4 $11 {remains equal.}) 24... Nb2 ({Better is} 24... gxh5 $17 25. Rae1 Nd6) 25. Nf4 Nxd3 26. cxd3 Nf8 27. Rae1 Bd7 28. g4 Rxe2 29. Nxe2 Re8 30. Qd2 g5 31. Bg3 Ng6 32. Kf2 Qe7 33. f4 f5 34. fxg5 (34. gxf5 $1 $15 Bxf5 35. fxg5) 34... fxg4 $17 35. h4 Qf7+ (35... Qxa3 $17 36. Kg1 a5) 36. Kg1 $11 Qf3 37. Kh2 $2 {[%mdl 8192]} (37. h5 $11 Nh8 38. Bf2) 37... Re3 $19 38. h5 {[#]} Ne7 $2 (38... Nf4 $1 {[%mdl 512] mates} 39. Rg1 (39. Nxf4 Qxg3+) 39... Rxe2+ 40. Qxe2 Qxe2+ 41. Kh1 Bf5 42. Bxf4 Qf3+ 43. Rg2 g3 44. Bxg3 Bh3 45. h6 Qxg2#) 39. Qxe3 $1 $15 Qxe3 40. Nf4 Qd2+ {[%mdl 64] Double Attack} 41. Re2 Qxc3 {[%mdl 64] Double Attack} 42. Rxe7 Bf5 ({Stronger than} 42... Qxd4 43. Rxd7 Qb2+ 44. Ng2 $18) 43. h6 $1 Kf8 (43... Qxa3 $2 44. Rg7+ Kf8 45. g6 $19) (43... Qxd4 $17 44. g6 Bxg6 45. Nxg6 Qb2+ {[%mdl 64] Double Attack} 46. Kg1 Qc1+ 47. Kf2 Qd2+ 48. Re2 Qxh6 49. Re8+ Kf7 {[%mdl 64] Double Attack} 50. Re7+ Kf6 51. Bh4+ Kf5 52. Rf7+ Kxg6 53. Rf6+ Kh5 54. Rxh6+ Kxh6) 44. Rxa7 $2 {[%mdl 8192]} (44. Rb7 $1 $11 {and White is okay.}) 44... Qd2+ $19 45. Kg1 Qe3+ 46. Kh2 Qd2+ 47. Kg1 $1 Qe3+ (47... Qd1+ $142 48. Kh2 Qd2+) 48. Kh2 Bxd3 {Hoping for ...Qd2+.} 49. g6 Qd2+ 50. Kg1 {[#] Threatening mate with g7+.} Qc1+ $2 (50... Qd1+ $1 $19 51. Kh2 Qc2+ 52. Kg1 Qb1+ 53. Kf2 Bxg6 54. Ne6+ Ke8 55. Ng7+ Kd8 56. Ne6+ Kc8 57. Rc7+ Kb8 58. Rxh7+ Ka8 59. Rh8+ Ka7 60. Bb8+ Ka6) 51. Kf2 $11 {g7+ would kill now.} Qd2+ $2 {[%mdl 8192]} ({Not} 51... hxg6 $2 52. h7 $18) (51... Qf1+ $11 52. Ke3 Qf3+ 53. Kd2 Bxg6 54. Nxg6+ hxg6) 52. Kg1 $19 {[#]} Qd1+ $1 53. Kh2 {White threatens g7+ and mate.} Qd2+ $2 {Accuracy: White = 50%, Black = 51%.} ({Black should try} 53... Qc2+ $19 54. Kg1 Qb1+ 55. Kf2 Bxg6 56. Ne6+ Ke8 57. Nc7+ Kd7 58. Nxd5+ Ke6 59. Nf4+ Kf5) 1/2-1/2

[Event "EICC 2019"]
[Site "Skopia"]
[Date "2019.03.28"]
[Round "10.28"]
[White "Sarana, Alexey"]
[Black "Demidov, Mikhail"]
[Result "1/2-1/2"]
[WhiteElo "2625"]
[BlackElo "2520"]
[Annotator "TA"]
[PlyCount "116"]
[EventDate "2019.03.18"]
[EventType "swiss"]
[EventCountry "MKD"]
[SourceTitle "playchess.com"]
[Source "ChessBase"]
[SourceQuality "1"]

{[%evp 10,116,25,37,32,31,32,0,0,-21,0,-16,-27,-12,10,7,12,0,19,19,26,19,27,0,0,-56,-48,-60,-34,-52,-18,-18,0,0,0,0,0,0,9,-49,-47,-61,-60,-60,-60,-57,-57,-95,-95,-99,-99,-100,-93,-116,-116,-116,-116,-201,-116,-116,-116,-116,-116,-116,-116,-116,-116,-116,-116,-145,-116,-145,-145,-145,-145,-145,-145,-145,-145,-145,-145,-145,-145,-145,-145,-145,-145,-145,-145,-145,-145,-145,-145,-145,-145,-145,-145,-145,-145,-137,-115,-115,-115,-115,-115,-115,-115,-115,0]} 1. d4 g6 2. c4 Bg7 3. Nc3 d6 4. Nf3 c5 5. d5 Bxc3+ 6. bxc3 f5 {A40: Unusual replies to 1 d4} 7. Qc2 (7. g3 Nf6 8. Bg2 Qa5 9. Qb3 Nbd7 10. Nd2 Nb6 11. O-O Bd7 12. Re1 Qa4 13. Bf1 Ne4 14. e3 {½-½ (69) Karjakin,S (2762)-Eljanov,P (2717) Baku 2015}) 7... Nf6 8. Bh6 e5 {The position is equal.} 9. dxe6 Bxe6 10. Rd1 $146 ({Predecessor:} 10. e3 Nc6 11. Be2 Qe7 12. Rb1 O-O-O 13. O-O Ne4 14. Bd3 {0-1 (40) Hechl,G (2286)-Moza,M (2210) ICCF email 2011}) 10... Nc6 11. Bf4 Ne4 12. Nd2 Nxd2 13. Qxd2 Qf6 14. Bg5 Qf7 15. Qxd6 {h4 is the strong threat.} h6 16. Bd2 Bxc4 17. Qxc5 ({White should try} 17. g3 $11) 17... O-O-O $15 18. h4 Rd7 {[#] And now ...Rhd8 would win.} (18... Ba6 $5 {[%cal Rf7a2]} 19. Qa3 f4 $15) 19. Bf4 Rxd1+ 20. Kxd1 Qe6 21. Qe3 Rd8+ 22. Ke1 $1 Qxe3 23. Bxe3 Bxa2 24. Rh3 (24. Bxh6 $11 Bb3 25. e4) 24... Bb3 {[%csl Gb3][%cal Rd8d1] [#]} 25. Bd2 a5 {[%cal Ba7a5,Ba5a4][%mdl 32]} 26. Rd3 h5 27. Rxd8+ Kxd8 {[%mdl 4096] Endgame KBB-KBN} 28. e3 Ne5 29. c4 a4 ({Don't play} 29... Bxc4 $6 30. Bxa5+ Kd7 31. Bxc4 $11) ({Much worse is} 29... Nxc4 30. Bxc4 Bxc4 31. Bxa5+ Kd7 32. Kd2 $11) 30. Bc3 Nxc4 31. Bxc4 Bxc4 $17 {KB-KB} 32. Kd2 Kd7 33. g3 (33. Bb2 $17 {was worth a try.}) 33... Kc6 (33... a3 $19 34. Kc1 Kc6) 34. Bb4 Kd5 35. Kc3 Be2 36. Bf8 Ke4 37. Kb4 b5 38. Bc5 Kf3 39. Bd6 Bc4 40. Bf4 Kxf2 41. Ka3 Kf3 42. Kb4 Ke4 43. Bg5 Bf7 44. Bf4 Kd3 45. Bg5 Kc2 46. Bf6 Kb1 47. Ka3 Be8 48. Bg5 Kc2 49. Kb4 Bd7 50. Bf6 Kd3 51. Bg5 Bc6 52. Bf4 Bd5 53. Bg5 Kc2 54. Bf6 f4 55. exf4 {Black is better.} Bc4 56. f5 gxf5 57. Be5 Be2 58. Bf6 Bc4 {Accuracy: White = 68%, Black = 77%.} (58... Kd2 $17 59. Bg5+ Kc2) 1/2-1/2

[Event "EICC 2019"]
[Site "Skopia"]
[Date "2019.03.28"]
[Round "10.29"]
[White "Bluebaum, Matthias"]
[Black "Dragnev, Valentin"]
[Result "1-0"]
[WhiteElo "2616"]
[BlackElo "2511"]
[Annotator "TA"]
[PlyCount "81"]
[EventDate "2019.03.18"]
[EventType "swiss"]
[EventCountry "MKD"]
[SourceTitle "playchess.com"]
[Source "ChessBase"]
[SourceQuality "1"]

{[%evp 13,81,0,0,0,0,0,0,0,0,0,0,0,0,-11,44,0,2,-3,34,35,66,42,67,67,89,72,84,52,57,70,101,99,85,83,114,36,112,92,203,82,175,143,117,120,131,129,110,74,162,162,149,153,187,179,192,172,193,197,209,214,488,475,636,648,944,682,601,610,1022,965]} 1. d4 Nf6 2. c4 e6 3. Nc3 Bb4 4. e3 O-O 5. Bd2 d5 6. Nf3 b6 7. cxd5 exd5 8. Rc1 {E51: Nimzo-Indian: Rubinstein: 4...0-0 5 Nf3 d5} Re8 (8... Bb7 9. Bd3 Be7 10. O-O c5 11. dxc5 bxc5 12. Na4 Nbd7 13. Bc3 Ne4 14. Bxe4 dxe4 15. Ne5 Nxe5 16. Bxe5 Qxd1 17. Rfxd1 {½-½ (30) Wang,Y (2690)-Cheparinov,I (2702) China 2018}) 9. Ne5 Bb7 10. Bd3 {The position is equal.} Bf8 11. O-O c5 12. f4 Nc6 13. Bb5 Qd6 (13... Rc8 $11) 14. Be1 a6 15. Ba4 c4 $146 ({Predecessor:} 15... b5) 16. Bc2 g6 17. Bh4 $36 {[%mdl 2048] White fights for an advantage.} Bg7 18. Qf3 Rad8 19. g4 Rf8 20. Bg3 Ne8 21. h4 f5 22. gxf5 gxf5 23. h5 Qe6 24. Rf2 (24. Bh4 $16 {And now Nxc6 would win.} Bf6 25. Qh3 Bxh4 26. Qxh4) 24... Nf6 ({Better is} 24... Kh8 $14) 25. Bh4 Rd6 (25... Kh8 $16) 26. Bxf6 (26. Rg2 $18 {is more deadly.} Kh8 27. Kh1 (27. Rxg7 Kxg7 28. Kh1 Kh8 $15)) 26... Bxf6 (26... Rxf6 $16 27. Rg2 Kf8) 27. Rg2+ Kh8 28. Ne2 Ne7 29. Qh3 {Black must now prevent Ng6+!} Rg8 30. Ng3 {[%cal Rg3f5]} Bxe5 (30... Bc8 $16 {keeps fighting.}) 31. fxe5 $18 Rdd8 32. Qh4 ({Don't do} 32. Bxf5 $6 Nxf5 33. Qxf5 Qe7 $14) ({And not} 32. Nxf5 Bc8 $17) 32... Rdf8 33. Rf1 {[%cal Bc1f1,Bf1f2,Bf2g2][%mdl 32]} Bc8 34. Rff2 h6 35. Ne2 {[%cal Bg3e2,Be2f4,Bf4g6,Bg6e7][%mdl 32]} Qf7 36. Kf1 Be6 $2 {[#]} (36... Rxg2 {might work better.} 37. Rxg2 Rg8 38. Rxg8+ Kxg8) 37. Nf4 {White is clearly winning.} b5 38. Rxg8+ Kxg8 39. Rg2+ Kh7 40. Ng6 Re8 41. Nxe7 {Accuracy: White = 60%, Black = 26%.} 1-0

[Event "EICC 2019"]
[Site "Skopia"]
[Date "2019.03.28"]
[Round "10.30"]
[White "Kovalev, Vladislav"]
[Black "Fakhrutdinov, Timur"]
[Result "1-0"]
[WhiteElo "2703"]
[BlackElo "2485"]
[Annotator "TA"]
[PlyCount "73"]
[EventDate "2019.03.18"]
[EventType "swiss"]
[EventCountry "MKD"]
[SourceTitle "playchess.com"]
[Source "ChessBase"]
[SourceQuality "1"]

{[%evp 17,73,0,7,11,13,0,18,0,9,9,13,0,0,0,-2,0,15,18,21,0,14,8,49,12,45,39,65,50,85,79,90,89,95,51,165,164,155,79,70,63,68,81,95,88,105,67,152,147,228,203,310,289,314,291,278,216,533,518]} 1. e4 e5 2. Nf3 Nc6 3. Bc4 Bc5 4. c3 Nf6 5. d4 exd4 6. e5 d5 7. Bb5 Ne4 8. cxd4 Bb6 9. Nc3 O-O 10. Be3 {C54: Giuoco Piano: 4 c3 Nf6, main lines with 5 d4 and 5 d3} Bg4 11. h3 Bh5 12. Qc2 {The position is equal.} Bg6 13. Qb3 Ne7 14. O-O c6 {Hoping for ...Nxc3.} 15. Bd3 Nxc3 16. Qxc3 Bxd3 17. Qxd3 {[#]} Ng6 $146 ({Predecessor:} 17... Qd7) 18. Ng5 Qd7 19. f4 $36 {[%mdl 2048] Black should prevent f5. White is more active.} f5 (19... f6 $5 {[%cal Rf6g5]} 20. Nf3 fxe5 21. fxe5 Nf4 $11) 20. b4 Bd8 21. Nf3 Be7 22. Rfb1 b6 23. a4 Rfc8 24. Kh2 Rc7 25. Ng1 c5 (25... Nf8 $14) 26. bxc5 bxc5 27. Ne2 (27. dxc5 $142 Bxc5 28. Ne2) 27... c4 $16 28. Qc2 $1 Bd8 29. Bc1 Rc6 30. a5 {[%cal Ba4a5,Ba5a6][%mdl 32]} Rcc8 31. Nc3 Rab8 {[#]} (31... a6 $14) 32. a6 $1 Bb6 {[#]} (32... Ne7 $16) 33. Rb5 $1 $18 Ne7 (33... Qe8 {was necessary.} 34. Qd2 (34. Rxd5 Ne7 $16) 34... Rd8) 34. Rab1 Qe6 35. Ba3 Nc6 36. Rxd5 Qh6 $2 (36... Nxd4 37. Qd1 Nb3) 37. Ne2 {Accuracy: White = 65%, Black = 28%.} 1-0

[Event "EICC 2019"]
[Site "Skopia"]
[Date "2019.03.28"]
[Round "10.31"]
[White "Martinovic, Sasa"]
[Black "Dreev, Aleksey"]
[Result "0-1"]
[WhiteElo "2558"]
[BlackElo "2662"]
[Annotator "TA"]
[PlyCount "160"]
[EventDate "2019.03.18"]
[EventType "swiss"]
[EventCountry "MKD"]
[SourceTitle "playchess.com"]
[Source "ChessBase"]
[SourceQuality "1"]

{[%evp 9,159,14,23,21,33,24,52,38,35,8,25,0,0,0,0,0,4,0,10,4,22,4,7,0,0,-7,15,0,24,-12,17,0,9,0,0,-31,-22,-47,-15,-34,12,27,83,79,25,34,62,80,68,48,52,50,66,54,65,0,33,0,62,0,0,0,0,0,0,-11,0,-12,-1,-72,0,-31,-42,-65,-70,-62,-76,-77,-77,-77,-73,-61,-53,-62,-76,-69,-48,-48,-67,-67,-62,-41,-59,-202,-202,-179,-188,-254,-173,-429,-177,-410,-357,-933,-888,-1127,-1030,-940,-793,-670,-649,-1538,-1460,-1911,-1837,-29966,-590,-29969,-29970,-29971,-29970,-29972,-29973,-29971,-29972,-29974,-29974,-29974,-29972,-29964,0,-29971,-29966,-29970,-29971,-29962,-29965,-29983,0,-29955,-1588,-5193,-763,-584,-584,-355,-175,-29966,-43,-29998,-29999,-29999]} 1. d4 d5 2. c4 c6 3. Nc3 Nf6 4. e3 a6 5. Qc2 Bg4 6. f3 {D10: Slav Defence: 3 cxd5 (without early Nf3) and 3 Nc3} (6. h3 Bh5 7. Qb3 Ra7 8. cxd5 cxd5 9. g4 Bg6 10. g5 Ng8 11. Bg2 e6 12. e4 Ne7 13. Be3 Nbc6 {½-½ (13) Bacrot,E (2714)-Vallejo Pons,F (2705) Porto Carras 2011}) 6... Bc8 $1 7. Bd2 $146 ({Predecessor:} 7. Bd3 dxc4 8. Bxc4 e6 9. Nge2 c5 10. dxc5 Bxc5 11. Bd2 O-O 12. O-O-O Nc6 13. Ne4 Nxe4 14. Qxe4 {½-½ (22) Lemos,D (2458)-Alonso,S (2420) Mendoza 2008}) 7... g6 8. c5 {White is slightly better.} Bg7 9. Bd3 e5 10. Nge2 O-O 11. O-O Nbd7 12. b4 Ne8 13. Be1 f5 {Threatening ...e4.} 14. Qb3 Kh8 15. Rd1 e4 16. Bb1 exf3 17. Rxf3 Ndf6 18. Bh4 Nc7 19. Nf4 Qe8 20. Rdf1 Ne4 21. Bxe4 dxe4 22. Rh3 Be6 23. Qd1 a5 24. b5 cxb5 {[#]} 25. Be7 $1 $36 {[%cal Re7f8][%mdl 2560] White is pushing.} Bc4 (25... Qf7 $11 {keeps the balance.}) (25... Qxe7 26. Nxg6+) 26. Bxf8 $16 Bxf8 27. Rf2 Ne6 28. Ncd5 Bxd5 29. Nxd5 Bg7 30. Nf4 Ng5 31. Rg3 Ne6 32. Rh3 Ng5 $1 33. Rg3 (33. Rh4 {keeps more tension.} Bf6 34. Kh1 Ne6 35. Rh3 Ng5 36. Rg3) 33... Ne6 34. Qb3 (34. Nxe6 $14 Qxe6 35. h4) 34... Nxf4 $11 35. Rxf4 a4 36. Qb4 b6 $1 37. cxb6 Bf8 38. Qb2 {Strongly threatening Rxf5.} Bd6 39. Rf1 (39. h4 $11) 39... b4 (39... Rb8 $17) 40. d5+ Qe5 {[%mdl 1024] Black has compensation.} 41. b7 Rb8 42. Qc2 $1 {[%cal Rc2c8] White wants to play Qc8+.} ({Avoid the trap} 42. Qxe5+ $2 Bxe5 43. Rd1 Rxb7 $19) 42... a3 43. Qc8+ Kg7 $1 44. Rxf5 Qe8 $1 45. Qxe8 Rxe8 46. Rf1 {Threatens to win with Rg4.} Bxg3 47. hxg3 $15 {[%mdl 4096] Endgame KR-KR} Rb8 48. d6 Rxb7 49. Rd1 Rd7 50. Rd4 Kf6 51. Kf2 (51. Kf1 $15) 51... Ke5 $1 $19 52. Ke2 Rxd6 53. Rxb4 Kf5 54. Ra4 $2 (54. g4+ Kxg4 55. Rxe4+ Kg3 56. Re5) 54... Kg4 (54... Re6 $142 55. Rxa3 Kg4) 55. Rxa3 $2 (55. Rxe4+ {is the only way for White.} Kxg3 56. Re5) 55... Kxg3 56. Ra4 $2 (56. Ra7 h5 57. Ra5) 56... Re6 57. Kf1 Rf6+ 58. Ke1 Kxg2 59. Rxe4 h5 60. a4 g5 $1 {[%cal Rg5g4]} 61. a5 g4 62. Ra4 g3 (62... Kh3 $142 63. a6 g3 64. a7 g2 65. a8=Q g1=Q+ {[%mdl 64] Double Attack} 66. Kd2 Rf2+ 67. Kc3 Qc1+ 68. Kd4 Rd2+ 69. Ke5 Qc7+ 70. Ke4 Rd8 71. Qxd8 Qxd8 72. Ra6 Qe8+ 73. Kd4 Qd7+ 74. Kc5 h4 75. Rb6 Qa7 76. e4 Kg4 77. Kb5 Qxb6+ $1 {[%mdl 576] Promotion} 78. Kxb6 h3 79. e5 Kf5 80. e6 Kxe6 81. Kc5 h2 82. Kd4 h1=Q 83. Kd3 Kd5 84. Ke3 Qe4+ 85. Kf2 Qf4+ 86. Kg1 Qd2 87. Kf1 Ke4 88. Kg1 Kf3 89. Kh1 Qg2#) 63. a6 {[#]} Kh3 $1 64. a7 g2 65. a8=Q g1=Q+ {[%mdl 64] Double Attack. KQR-KQR} 66. Kd2 Rf2+ 67. Kd3 Qd1+ 68. Ke4 Qf3+ 69. Kd3 Qd1+ 70. Ke4 {If only White now had time for Ke5....} Qc2+ 71. Ke5 Qf5+ 72. Kd6 Qf6+ 73. Kd5 Qf5+ 74. Kd6 {Now Qh1+ and White clings on.} Qg6+ (74... Rd2+ $142 75. Rd4 Qf6+ 76. Kd7 Rg2 77. Qxg2+ Kxg2 78. Ra4 h4 79. Rg4+ Kh2 80. Rf4 Qg7+ 81. Ke6 h3 82. Rf1 Kg2 83. Rc1 Qb2 84. Rc5 Qb3+ 85. Kd6 h2 86. Rg5+ Kf2 87. Rh5 Qd1+ {[%mdl 64] Double Attack} 88. Rd5 Qc2 89. e4 h1=Q 90. Rf5+ Ke3 91. Re5 Qc8 92. Re6 Qh2+ 93. e5 Qh7 94. Rf6 Qhd7#) 75. Ke5 Qg5+ (75... Qg7+ $142 76. Ke4 Rf8 77. Qxf8 Qxf8) 76. Kd4 Rd2+ 77. Kc4 Qf5 ({Stronger than} 77... Qxe3 78. Ra3 $11) (77... Qg4+ $142 78. Kc3 Qd1 79. Qc8+ Kh2 80. Qc7+ Kg1 81. Qg7+ Rg2) 78. e4 $2 (78. Qh1+ $19 Rh2 79. Qd1) 78... Rc2+ $2 (78... Qf1+ {mates} 79. Kc5 Qg1+ 80. Kc6 Qc1+ 81. Kb5 Qb2+ 82. Kc5 Qe5+ 83. Qd5 Qe7+ 84. Kc4 Rxd5 85. exd5 Qe4+ 86. Kb3 Qxd5+ 87. Kc2 Qc6+ 88. Kb3 {[#]} Qxa4+ $1 {[%mdl 512]} 89. Kxa4 h4 90. Kb5 Kg4 91. Kc6 h3 92. Kd5 h2 93. Kc6 h1=Q+ 94. Kc5 Qe4 95. Kb5 Kf5 96. Kb6 Ke6 97. Kc5 Qa4 98. Kb6 Kd6 99. Kb7 Qb4+ 100. Ka7 Kc6 101. Ka8 Qb7#) 79. Kd4 $2 {[%mdl 8192]} (79. Kb3 $15 Qc5 80. Qa5) 79... Qc5+ 80. Kd3 Qc3# {Accuracy: White = 33%, Black = 55%.} 0-1

[Event "EICC 2019"]
[Site "Skopia"]
[Date "2019.03.28"]
[Round "10.32"]
[White "Kovalenko, Igor"]
[Black "Tsydypov, Zhamsaran"]
[Result "1-0"]
[WhiteElo "2658"]
[BlackElo "2551"]
[Annotator "TA"]
[PlyCount "57"]
[EventDate "2019.03.18"]
[EventType "swiss"]
[EventCountry "MKD"]
[SourceTitle "playchess.com"]
[Source "ChessBase"]
[SourceQuality "1"]

{[%evp 11,57,-12,0,0,6,0,-9,-6,-10,-10,9,-11,-15,-12,-5,-25,-22,-33,-32,-34,-41,-32,0,0,51,0,0,-13,0,0,33,26,156,147,141,84,104,132,160,141,171,177,337,327,739,740,759,751]} 1. d4 Nf6 2. Nf3 g6 3. Bf4 Bg7 4. e3 d6 5. h3 O-O 6. Nbd2 Nc6 7. c3 {A48: 1 d4 Nf6 2 Nf3 g6: Torre, London and Colle Systems} Qe8 (7... Re8 8. Bh2 e5 9. dxe5 Nxe5 10. Nxe5 dxe5 11. Nf3 Nd7 12. Be2 Qe7 13. O-O a5 14. Qa4 {1-0 (69) Zhou,W (2627)-Lou,Y (2453) China 2015}) 8. Bh2 e5 9. Bb5 {The position is equal.} e4 $146 ({Predecessor:} 9... Nd7 10. O-O Qe7 11. Nb3 a6 12. Bxc6 bxc6 13. Na5 c5 14. Nc6 Qe6 15. dxe5 dxe5 {½-½ (58) Kotov,A-Zilber,I Leningrad 1956}) 10. Ng1 $1 Bd7 11. Ne2 a6 {[%cal Ba7a6,Ba6a5,Ba5a4][%mdl 32]} 12. Bxc6 Bxc6 13. c4 b5 14. O-O bxc4 15. Nxc4 a5 16. Qd2 Bb5 17. Rfc1 Qb8 ({Better is} 17... Qd7 $11) 18. b3 (18. a4 $1 $14 Bd7 19. Nxa5) 18... a4 $11 19. b4 {[%cal Bb3b4,Bb4b5][%mdl 32]} a3 20. Rab1 Qb7 {[#] Hoping for ...Qa6.} 21. Rb3 Bxc4 (21... Rfc8 $11 {keeps the balance.}) 22. Rxc4 $16 Rfc8 23. Qc2 (23. b5 $142) 23... Bf8 {[#]} 24. b5 $1 Nd7 25. Nc3 f5 26. g4 Nf6 $2 (26... Kh8 27. Qc1 Ra7) 27. Rc6 $18 Re8 $2 (27... Bh6 28. gxf5 gxf5) 28. g5 Nd7 29. Nd5 {Accuracy: White = 69%, Black = 37%.} 1-0

[Event "EICC 2019"]
[Site "Skopia"]
[Date "2019.03.28"]
[Round "10.33"]
[White "Halkias, Stelios"]
[Black "Fressinet, Laurent"]
[Result "1-0"]
[WhiteElo "2552"]
[BlackElo "2652"]
[Annotator "TA"]
[PlyCount "75"]
[EventDate "2019.03.18"]
[EventType "swiss"]
[EventCountry "MKD"]
[SourceTitle "playchess.com"]
[Source "ChessBase"]
[SourceQuality "1"]

{[%evp 14,75,27,22,39,35,35,40,27,44,50,55,81,65,75,52,59,38,113,91,91,60,70,66,75,32,31,23,45,39,60,0,0,0,0,0,0,0,17,0,0,0,96,99,101,70,79,79,618,599,752,730,2491,2368,29986,29986,29989,29990,29991,29992,29992,29993,29998,29999]} 1. Nf3 e6 2. g3 b6 3. Bg2 Bb7 4. O-O g6 5. c4 Bg7 6. Nc3 {A13: English Opening: 1...e6} Nf6 7. Re1 (7. d4 Ne4 8. Bd2 O-O 9. Rc1 c5 10. d5 exd5 11. cxd5 Nxd2 12. Nxd2 d6 13. Nc4 Ba6 14. b3 b5 15. Nd2 {0-1 (29) So,W (2815)-Carlsen,M (2832) chess.com INT 2017}) 7... d5 8. cxd5 {LiveBook: 7 Games. White has an edge.} Nxd5 9. e4 $146 ({Predecessor:} 9. Nxd5 Bxd5 10. e4 Bb7 11. d4 O-O 12. Bg5 Qd6 13. Qe2 h6 {½-½ (49) Baldauf,M (2402)-Mischustov,M (2353) Germany 2013}) 9... Nxc3 10. bxc3 c5 11. d4 Nc6 {[%cal Rc5d4]} 12. Bg5 Ne7 13. Qa4+ Bc6 14. Qb3 {And now d5! would win.} h6 15. Bf4 O-O (15... g5 $14 16. Be3 Bxe4) 16. Rad1 g5 {[#]} 17. Be5 $1 Ng6 18. Bxg7 Kxg7 19. Ne5 Nxe5 20. dxe5 Qc7 21. Rd6 Rad8 22. Red1 ({Better is} 22. Qd1 $1 $14) 22... Rxd6 $11 23. Rxd6 b5 {[%cal Bb6b5,Bb5b4][%mdl 32]} 24. Qd1 b4 25. c4 Be8 26. h4 Qe7 27. Qg4 f5 {[#]} (27... a5 $11 {keeps the balance.}) 28. exf6+ $1 $16 Rxf6 29. e5 $36 {[%mdl 2048] White has some pressure.} Rf5 30. hxg5 hxg5 $2 {[%mdl 8192]} (30... Qxg5 $16 31. Qd1 (31. Qxg5+ hxg5 32. Rxe6 Bf7 $11) 31... Bh5) 31. f4 $18 Kf8 32. Be4 Rf7 33. Qh3 {[%cal Rh3h8]} Kg8 34. Rxe6 {White mates.} Qd7 35. Bd5 gxf4 36. Rg6+ {[%mdl 64] Discovered Attack} Kf8 37. Qh6+ Ke7 38. Qg5+ {Accuracy: White = 78%, Black = 44%.} 1-0